000 00467cam a22001457a 4500
008 180718b1963 xxu||||| |||| 00| 0 eng d
082 _aAPPPA 1963/4
100 _aDurgiah, N. Eashwar Rao
245 _aAdjustment of financial relations between the centre and the states
_cby N. Eashwar Rao Durgiah
260 _aNew Delhi
_bIndian Institute of Public Administration
_c1963
300 _a91p.
650 _aStates
650 _aCentre
650 _aFinancial relations
999 _c501202
_d501202